000 00569nam a22001697a 4500
003 OSt
005 20260319152104.0
008 260319b |||||||| |||| 00| 0 eng d
040 _cMRSPTU
041 _aEnglish
100 _aShaina Thakur, Supervisor: Dr. Rahul Deshmukh
245 _aAntidiabetic Potential Of Ethyl Vanillin In Experimental Type 2 Diabetic Rats
260 _bDepartment of Pharmacy, MRSPTU, Bathinda
_c2021
650 _aPharmaceutical Sciences and Technology
856 _uhttp://163.47.215.52:8080/jspui/handle/123456789/72
942 _2ddc
_cTH
_n0
999 _c11206
_d11206